Country Pairs - Statistics

General Stats
  • This quiz has been taken 71 times
  • The average score is 23 of 28
Answer Stats
Clues Pair % Correct
Czechoslovakia countries. Czech Republic
98%
USSR
97%
Main European axis powers in WW2. Germany
95%
Countries that start with “Z”. Zambia
95%
“Ir” countries in the Middle East. Iran
94%
Iraq
94%
“Guay” countries. Paraguay
94%
Zimbabwe
94%
Italy
92%
Monaco
92%
Slovakia
92%
Cold War superpowers. United States of America
92%
Uruguay
92%
Ireland
88%
“Ni” countries in Africa. Niger
88%
Nigeria
86%
Congos. Democratic Republic of the Congo
81%
European microstates that begin with the letter “M”. Malta
81%
Countries on the island of New Guinea. Papua New Guinea
78%
Korea
77%
Indonesia
75%
British isles. United Kingdom
73%
North / south. Only name the area, so in North/south blank, name blank. *note that the country doesn’t have to labeled as north/south ____ Sudan
63%
First independent African countries. Ethiopia
61%
Liberia
58%
Republic of the Congo
55%
Doubly landlocked countries. Liechtenstein
53%
Uzbekistan
50%
No matching quizzes found
Score Distribution
Percent of People with Each Score
Percentile by Number Answered
Your Score History
You have not taken this quiz